Desarrollo urbano

Saved in:
Bibliographic Details
Main Author: Argüello Rodríguez, Manuel
Format: Text
Published: San José: EUNED
Tags: Add Tag
No Tags, Be the first to tag this record!

MARC

LEADER 00000 a a2200000 04500
001 23867
003
040
090 |a 164200  
100 |a Argüello Rodríguez, Manuel  
245 |a Desarrollo urbano  
260 |a San José:   |b EUNED  
300 |a 114 p   |b **no definido**  
999 |c 12369  |d 12369